Invisible trade : Anglo-Japanese economic relations in perspective
محفوظ في:
| المؤلف الرئيسي: | |
|---|---|
| التنسيق: | كتاب |
| اللغة: | Undetermined |
| منشور في: |
London
The Information Centre Embassy of Japan
1984
|
| الموضوعات: | |
| الوسوم: |
إضافة وسم
لا توجد وسوم, كن أول من يضع وسما على هذه التسجيلة!
|
| Thư viện lưu trữ: | Trung tâm Học liệu Trường Đại học Cần Thơ |
|---|
| LEADER | 00505nam a2200181Ia 4500 | ||
|---|---|---|---|
| 001 | CTU_79665 | ||
| 008 | 210402s9999 xx 000 0 und d | ||
| 082 | |a 380.1 | ||
| 082 | |b W746 | ||
| 100 | |a Wilson, Dick | ||
| 245 | 0 | |a Invisible trade : | |
| 245 | 0 | |b Anglo-Japanese economic relations in perspective | |
| 245 | 0 | |c Dick Wilson | |
| 260 | |a London | ||
| 260 | |b The Information Centre Embassy of Japan | ||
| 260 | |c 1984 | ||
| 650 | |a Trade | ||
| 980 | |a Trung tâm Học liệu Trường Đại học Cần Thơ | ||